Statistics for Indiana Pacers 2016-17 Roster

Click here to take the quiz!

General Stats

  • This quiz has been taken 110 times
    (83 since last reset)
  • The average score is 9 of 16

Answer Stats

Nbr Post Player % Correct
13ForwardPaul George
99%
33CenterMyles Turner
85%
44GuardJeff Teague
71%
11GuardMonta Ellis
67%
21ForwardThaddeus Young
59%
40Guard-ForwardGlenn Robinson III
58%
3GuardJoe Young
58%
0Forward-GuardCJ Miles
56%
7CenterAl Jefferson
55%
00GuardAaron Brooks
47%
-Head CoachNate McMillan
45%
5Forward-CenterLavoy Allen
40%
1Forward-CenterKevin Seraphin
40%
2GuardRodney Stuckey
30%
25ForwardRakeem Christmas
29%
32ForwardGeorges Niang
27%

Score Distribution

Percentile by Number Answered

Percent of People with Each Score

Your Score History

You have not taken this quiz since the last reset